|
|
|
|
| LEADER |
00000nab a2200000 a 4500 |
| 001 |
vtls011131670 |
| 003 |
SK-MaSNL |
| 005 |
20260303150901.0 |
| 008 |
230222|1985 xo |||||||||||||||||slo| |
| 015 |
|
|
|a SNBRB
|
| 035 |
|
|
|a (uuid)603a90fe-6910-4ff2-bb08-ff21d0e96f8a
|
| 035 |
|
|
|a (urnnbn)urn:nbn:sk:snk:ar-a09ln9
|
| 035 |
|
|
|a urn:nbn:sk:snk-aba9di
|
| 040 |
|
|
|a SNKBUCL
|b slo
|c SNKBUCL
|e AACR2
|
| 041 |
0 |
|
|a slo
|
| 044 |
|
|
|a xo
|c SK
|
| 100 |
1 |
|
|a Nič, Juraj
|4 aut
|9 773064
|
| 245 |
1 |
0 |
|a EKOLOGICKÁ ANALÝZA PRIRODZENÝCH SMREČÍN
|c Juraj Nič
|
| 246 |
3 |
|
|a ECOLOGICAL ANALYSIS OF NATURAL SPRUCE STANDS
|
| 773 |
0 |
|
|t Acta Facultatis Forestalis Zvolen Czechoslovakia
|g Roč. 27, č. 27 (1985), s. 17-24
|
| 954 |
|
|
|a odborná, vedecká literatúra pôvodná (slovenská)
|2 lita
|
| 958 |
|
|
|a OND
|
| 958 |
|
|
|a EUIPO
|
| 958 |
|
|
|a article13
|
| 999 |
|
|
|c 2014246
|d 2016176
|